000 01756nam a2200325 i 4500
001 161956
003 ES-MaACL
005 20250816091142.0
008 990708m17711772fr af |||| | fre d
040 _aCLM
_bspa
_cCLM
100 1 _aPerret, Jean-Jacques.
_9131039
245 1 2 _aL'art du coutelier.
_nPremière [-seconde] partie /
_cpar M. Jean-Jacques Perret.
260 _a[Paris] :
_bSaillant et Nyon,
_c1771-1772 (
_fImp. de L.F. Delatour)
300 _a2 v. (IV, 239 ; XII, 241-527 p., 172 h. de lám.) ;
_cFol. (44 cm)
490 1 _aDescriptions des arts et métiers faites ou approuvées par Messieurs de l'Académie Royale des Sciences
505 8 _aSeconde partie ;
_tL'art du coutelier expert en instruments de chirurgie, p. 240-527, lám. 73-122
530 _aDisponible en formato digital.
596 _aDatos de imp. tomados de colofón.
597 _aSign.: [ ]2, A-Z2, 2A-2Z2, 3A-3O2 ; a-c2, 3P-3Z2, 4A-4Z2, 5A-5Z2, 6A-6R2, 6S1.
597 _aA partir de la secuencia 4A, se representa como Ab\4\s.
597 _aAntep.
599 _aLas h. de grab. son calc.: "J.J. Perret inv. ..."
650 7 _aCirugía-
_xMaterial y equipo
_2
_9153979
830 0 0 _aDescriptions des arts et métiers
_9241750
852 _aES-MaACL
_j R-50-51
_z- Enc hol. dic.: La 2ª parte está dividida en dos secciones, cada una con su portadilla
_x Olim: C-10827-70
856 _uhttp://gallica.bnf.fr/ark:/12148/bpt6k10656043?rk=21459;2
_zBNF-Gallica (1ª parte)
856 _uhttp://gallica.bnf.fr/ark:/12148/bpt6k1065606x?rk=21459;2
_zBNF-Gallica (2ª parte, 1ª sec.)
856 _uhttp://gallica.bnf.fr/ark:/12148/bpt6k10656028?rk=42918;4
_zBNF-Gallica (2ª parte, 2ª sec.)
999 _c161956
_d161956